Highest Countries of the World Quiz Stats

 Plays Quiz not verified by Sporcle

Support Sporcle.
Go Orange.
Score 0/27 Timer 06:00
0 Plays Today
% Correct
United States
96.2%
China
95.9%
India
95.5%
Nepal
95.5%
Russia
92.1%
Canada
88.9%
Peru
88.5%
Chile
87.8%
Pakistan
87%
Argentina
84.4%
Bolivia
82.3%
Afghanistan
80.8%
Bhutan
79.5%
Tanzania
74.2%
% Correct
Ecuador
73.6%
Colombia
71.4%
Mexico
70.6%
Kazakhstan
68%
Tajikistan
66.5%
Iran
66.1%
Kenya
64%
Kyrgyzstan
63.3%
Turkey
48.4%
Myanmar
44.3%
DRC
39.2%
Georgia
39%
Uganda
36.2%

You're not logged in!

Compare scores with friends on all Sporcle quizzes.
OR
Log In

From the Vault

'New' Things

by babymonkee

We've got a new quiz on the block.
Remove Ads.
Support Sporcle.
Get the best of Sporcle when you Go Orange. This ad-free experience offers more features, more stats, and more fun while also helping to support Sporcle. Thank you for becoming a member.

Show Comments

Extras

Top Quizzes Today


Score Distribution

Your Account Isn't Verified!

In order to create a playlist on Sporcle, you need to verify the email address you used during registration. Go to your Sporcle Settings to finish the process.

Report this User

Report this user for behavior that violates our Community Guidelines.

Details: